| 000 | 00577nam a2200241Ia 4500 | ||
|---|---|---|---|
| 005 | 20250425161849.0 | ||
| 008 | 250425s9999 xx 000 0 und d | ||
| 020 | _a8480883111 | ||
| 041 | _aspa | ||
| 082 | _a658.42 | ||
| 100 | _aMONTANER, RAMON | ||
| 245 | 0 | _aMANUAL DEL DIRECTIVO EFICAZ | |
| 250 | _a1A ED. | ||
| 260 | _aBARCELONA | ||
| 260 |
_aEspaƱa _bGESTION 2000 _c1998 |
||
| 300 | _a268 | ||
| 650 | _aGERENTES | ||
| 650 | _aGESTION EMPRESARIAL | ||
| 650 | _aPLANIFICACION ESTRATEGICA | ||
| 650 | _aTOMA DE DECISIONES | ||
| 942 | _c01 | ||
| 010 | _a32842 | ||
| 999 |
_c217691 _d217691 |
||